[Event "Xtracon GM"]
[Site "Borup"]
[Date "2009.09.12"]
[Round "8"]
[White "Lund, Silas"]
[Black "Smith, Axel"]
[Result "1/2-1/2"]
[WhiteElo "2392"]
[BlackElo "2415"]
[PlyCount "134"]
[EventDate "2009.09.04"]
[EventType "swiss"]
[EventRounds "9"]
[EventCountry "DEN"]
[Source "ChessBase"]
[SourceDate "2009.11.03"]

1. d4 Nf6 2. c4 g6 3. Nc3 d5 4. Nf3 Bg7 5. Bg5 dxc4 6. e4 c5 7. dxc5 Qa5 8.
Bxf6 exf6 9. Bxc4 O-O 10. O-O Qxc5 11. Qb3 Nc6 12. Qb5 Qxb5 13. Bxb5 f5 14.
Bxc6 bxc6 15. e5 Rb8 16. b3 Be6 17. Rac1 c5 18. Ng5 c4 19. Nxe6 fxe6 20. bxc4
Rfc8 21. Nb5 Bxe5 22. Nxa7 Rc5 23. Nb5 Bf4 24. Rb1 Rxc4 25. g3 Bd2 26. Rfd1 Ba5
27. Na3 Rxb1 28. Rxb1 Ra4 29. Rb3 e5 30. h4 e4 31. Nc2 Rxa2 32. Ra3 Rxa3 33.
Nxa3 Kf7 34. Kf1 Ke6 35. Nc4 Bc7 36. Kg2 Kd5 37. Ne3+ Ke6 38. Nc2 f4 39. gxf4
Bxf4 40. Nd4+ Ke5 41. Ne2 h5 42. Nc3 Bd2 43. Nb5 Kf4 44. Nd4 Kg4 45. f3+ exf3+
46. Nxf3 Bf4 47. Nd4 Kxh4 48. Kf3 Bc1 49. Nb3 Bh6 50. Nc5 Kh3 51. Ne4 g5 52.
Kf2 g4 53. Kg1 Bc1 54. Kh1 Bb2 55. Kg1 Bd4+ 56. Kh1 Be3 57. Nf2+ Kh4 58. Ne4
Bb6 59. Kg2 Ba5 60. Kh2 Bc7+ 61. Kg2 Be5 62. Kh1 Kh3 63. Kg1 Bf4 64. Kh1 Bb8
65. Kg1 Ba7+ 66. Kh1 h4 67. Nf2+ Bxf2 1/2-1/2

[Event "Xtracon GM"]
[Site "Borup"]
[Date "2009.09.12"]
[Round "8"]
[White "Madsen, Poul Henrik"]
[Black "Skytte, Rasmus"]
[Result "0-1"]
[WhiteElo "2075"]
[BlackElo "2399"]
[PlyCount "116"]
[EventDate "2009.09.04"]
[EventType "swiss"]
[EventRounds "9"]
[EventCountry "DEN"]
[Source "ChessBase"]
[SourceDate "2009.11.03"]

1. d4 Nf6 2. Nf3 c5 3. c3 d5 4. e3 Nc6 5. dxc5 a5 6. Bb5 Qc7 7. O-O e5 8. c4
dxc4 9. Qa4 Rb8 10. Bd2 Bxc5 11. Bxa5 Qe7 12. Qxc4 O-O 13. Bxc6 bxc6 14. Bc3
Nd7 15. Nbd2 Nb6 16. Qe4 f6 17. Rfc1 Be6 18. b3 Ba3 19. Rc2 Qd7 20. Bb4 Bf5 21.
Qxf5 Qxf5 22. e4 Qd7 23. Bxa3 Rfd8 24. Bc5 Qd3 25. Rac1 Qa6 26. a4 Nc8 27. Be3
Ne7 28. Bc5 Ng6 29. g3 Rd7 30. Rc4 Qa5 31. R1c3 Rbd8 32. Be3 Ne7 33. Kg2 Rd3
34. Rc2 g5 35. h3 h5 36. Bc5 Ng6 37. Bb4 Qb6 38. Ne1 R3d7 39. a5 Qb5 40. Nb1
Rd4 41. Nc3 Qb7 42. Na4 Rxc4 43. Rxc4 Nf8 44. Nc5 Qa7 45. Nc2 h4 46. Bc3 hxg3
47. fxg3 Nd7 48. Ne6 Re8 49. Rxc6 Rxe6 50. Rxe6 Qc5 51. Re8+ Kf7 52. Rd8 Qxc3
53. Rxd7+ Ke6 54. Rb7 Qxc2+ 55. Kf1 Qd1+ 56. Kf2 Qd2+ 57. Kf3 Qxa5 58. Kg4 Qa6
0-1

[Event "Xtracon GM"]
[Site "Borup"]
[Date "2009.09.12"]
[Round "8"]
[White "Marshall, Michael"]
[Black "Petersen, Nils"]
[Result "0-1"]
[WhiteElo "1904"]
[BlackElo "2034"]
[PlyCount "138"]
[EventDate "2009.09.04"]
[EventType "swiss"]
[EventRounds "9"]
[EventCountry "DEN"]
[Source "ChessBase"]
[SourceDate "2009.11.03"]

1. d4 Nf6 2. Nf3 e6 3. e3 c5 4. Bd3 b6 5. O-O Bb7 6. c4 cxd4 7. exd4 d5 8. cxd5
Qxd5 9. Nc3 Qd8 10. Ne5 Be7 11. Bb5+ Kf8 12. Re1 a6 13. Bc4 Nc6 14. Nf3 Rc8 15.
Bb3 Nb4 16. Qe2 Nbd5 17. Ne5 h6 18. Bc2 Nxc3 19. bxc3 Qd5 20. f3 Rxc3 21. Bb2
Qxd4+ 22. Kh1 Rxc2 23. Qxc2 Qd8 24. Rad1 Bd5 25. Qa4 a5 26. Nc6 Qd7 27. Rc1 Bc5
28. Red1 Qxc6 29. Qxc6 Bxc6 30. Rd8+ Ne8 31. Ba3 Ke7 32. Rb8 Bxa3 33. Rxc6 Bc5
34. Rcc8 f5 35. Rb7+ Kf6 36. Rbb8 Kf7 37. Rb7+ Be7 38. Rxb6 Rh7 39. Ra8 Nd6 40.
Rc6 g5 41. Rxa5 Rh8 42. Raa6 Rb8 43. h3 Rb2 44. a4 h5 45. a5 f4 46. Rxd6 Bxd6
47. Rxd6 Ra2 48. Ra6 Kf6 49. Ra8 g4 50. hxg4 hxg4 51. fxg4 Kg5 52. Rg8+ Kh4 53.
Rh8+ Kg3 54. Rh3+ Kxg4 55. Rh6 e5 56. Ra6 e4 57. Ra8 Kg3 58. Rg8+ Kf2 59. Rg4
f3 60. gxf3 exf3 61. Rg5 Ra4 62. Rh5 Rg4 63. a6 Rg7 64. Kh2 Kf1 65. Rf5 f2 66.
Rf6 Rh7+ 67. Kg3 Kg1 68. Rxf2 Rg7+ 69. Kf3 Rf7+ 0-1

[Event "Xtracon GM"]
[Site "Borup"]
[Date "2009.09.12"]
[Round "8"]
[White "Rausis, Igors"]
[Black "Semcesen, Daniel"]
[Result "1/2-1/2"]
[WhiteElo "2525"]
[BlackElo "2465"]
[PlyCount "318"]
[EventDate "2009.09.04"]
[EventType "swiss"]
[EventRounds "9"]
[EventCountry "DEN"]
[Source "ChessBase"]
[SourceDate "2009.11.03"]

1. e4 e5 2. Nf3 Nc6 3. Bb5 a6 4. Bxc6 dxc6 5. O-O Qf6 6. d4 exd4 7. Bg5 Qd6 8.
Nxd4 Bd7 9. Nc3 Be7 10. Bxe7 Nxe7 11. Nde2 Qxd1 12. Rfxd1 Ng6 13. Rd2 O-O-O 14.
Rad1 Rhe8 15. f3 Re7 16. Ng3 Rde8 17. Nh5 f6 18. Ne2 a5 19. Kf2 Ne5 20. b3 b6
21. h3 c5 22. Nc3 Bc6 23. g4 Nd7 24. h4 Rf7 25. Nf4 Ne5 26. Ncd5 c4 27. Kg3 Kb7
28. Rd4 cxb3 29. cxb3 Bb5 30. h5 c5 31. R4d2 c4 32. Ne3 cxb3 33. axb3 g6 34.
hxg6 hxg6 35. Rd6 Rc8 36. Ne6 Ka7 37. Nd4 Ba6 38. Nd5 f5 39. f4 Nxg4 40. Nc6+
Kb7 41. Nd8+ Rxd8 42. Rxd8 fxe4 43. Rd6 Nh6 44. Rxb6+ Ka7 45. Rxg6 Nf5+ 46. Kf2
Bd3 47. Re6 Nd4 48. Re7+ Rxe7 49. Nxe7 Kb7 50. Ke3 Nxb3 51. f5 Kc7 52. Kf4 Kd7
53. Nd5 Bc2 54. Rh1 a4 55. Nb6+ Ke8 56. Nxa4 Nd4 57. Nc3 e3 58. f6 e2 59. Ke3
Nf5+ 60. Kd2 Bb3 61. Rb1 Bc4 62. Rb7 Nd4 63. Nxe2 Nxe2 64. Ke3 Ng3 65. Re7+ Kf8
66. Kf4 Nh5+ 67. Kg5 Bf7 68. Re3 Kg8 69. Rc3 Kf8 70. Ra3 Be8 71. Rb3 Bf7 72.
Rd3 Ke8 73. Ra3 Kf8 74. Kf5 Be8 75. Rc3 Bf7 76. Ra3 Be8 77. Kg5 Bf7 78. Rh3 Be8
79. Rb3 Bf7 80. Rf3 Be8 81. Rc3 Bf7 82. Rd3 Be8 83. Ra3 Bf7 84. Kf5 Be8 85. Ra8
Kf7 86. Ra7+ Kf8 87. Rh7 Kg8 88. Re7 Bf7 89. Kg5 Ng3 90. Re3 Nf1 91. Rd3 Kf8
92. Kf5 Be8 93. Ke6 Bf7+ 94. Ke5 Bc4 95. Rc3 Nd2 96. Rc2 Nf3+ 97. Kf4 Bd5 98.
Rc5 Bb7 99. Rc7 Bd5 100. Rd7 Bc6 101. Rd6 Bb7 102. Rb6 Bd5 103. Rb5 Bc6 104.
Rb6 Bd5 105. Rd6 Bb7 106. Rd8+ Kf7 107. Rd7+ Kxf6 108. Rxb7 Nd4 109. Rb6+ Ne6+
110. Ke4 Ke7 111. Ke5 Nd8 112. Rg6 Nf7+ 113. Kd5 Nd8 114. Rd6 Ke8 115. Ra6 Ke7
116. Rb6 Kd7 117. Rg6 Ke7 118. Rh6 Nf7 119. Re6+ Kd7 120. Re4 Nd8 121. Ke5 Nc6+
122. Kd5 Nd8 123. Re1 Nc6 124. Kc5 Ne7 125. Re2 Nf5 126. Rf2 Ke6 127. Rf1 Ne7
128. Re1+ Kd7 129. Re5 Kd8 130. Kd6 Nc8+ 131. Ke6 Kc7 132. Rc5+ Kb7 133. Kd7
Nb6+ 134. Kd8 Na4 135. Rc4 Nb6 136. Rc1 Nd5 137. Kd7 Nb6+ 138. Kd6 Nc8+ 139.
Kc5 Kc7 140. Rh1 Ne7 141. Rh6 Kd7 142. Rf6 Nc8 143. Rc6 Ne7 144. Rd6+ Kc7 145.
Rd1 Nc8 146. Kd5 Kd7 147. Rc1 Ne7+ 148. Ke5 Nc6+ 149. Kf6 Kd6 150. Rd1+ Kc5
151. Ke6 Nd4+ 152. Ke5 Nc6+ 153. Ke4 Na5 154. Rc1+ Kd6 155. Kd3 Kd5 156. Kc3
Nc6 157. Rh1 Ne5 158. Rh5 Ke4 159. Rxe5+ Kxe5 1/2-1/2

[Event "Xtracon GM"]
[Site "Borup"]
[Date "2009.09.12"]
[Round "8"]
[White "Rosenkilde, Alexander"]
[Black "Battaglini, Gabriel"]
[Result "0-1"]
[WhiteElo "2180"]
[BlackElo "2360"]
[PlyCount "58"]
[EventDate "2009.09.04"]
[EventType "swiss"]
[EventRounds "9"]
[EventCountry "DEN"]
[Source "ChessBase"]
[SourceDate "2009.11.03"]

1. d4 Nf6 2. c4 e6 3. g3 c5 4. Nf3 cxd4 5. Nxd4 Qb6 6. Nc3 Nc6 7. Nc2 Bc5 8. e3
d5 9. cxd5 exd5 10. Bg2 Bg4 11. Qd3 O-O-O 12. O-O Ne5 13. Qb5 Qxb5 14. Nxb5 Be2
15. Ncd4 Bxf1 16. Kxf1 a6 17. Nc3 Nd3 18. Bd2 Nxb2 19. Rb1 Nc4 20. Be1 Bxd4 21.
exd4 Rhe8 22. Na4 Ne4 23. Rc1 Kb8 24. Bb4 b5 25. Nc5 Nxc5 26. Bxc5 Re6 27. h4
g6 28. a4 Nd2+ 29. Kg1 Nb3 0-1

[Event "Xtracon GM"]
[Site "Borup"]
[Date "2009.09.12"]
[Round "8"]
[White "Skovgaard, Peter Nicolai"]
[Black "Bekker Jensen, David"]
[Result "1/2-1/2"]
[WhiteElo "2256"]
[BlackElo "2338"]
[PlyCount "77"]
[EventDate "2009.09.04"]
[EventType "swiss"]
[EventRounds "9"]
[EventCountry "DEN"]
[Source "ChessBase"]
[SourceDate "2009.11.03"]

1. e4 c5 2. Nf3 d6 3. d4 cxd4 4. Nxd4 Nf6 5. Nc3 a6 6. h3 e5 7. Nde2 h5 8. Bg5
Be7 9. Qd2 Nbd7 10. O-O-O b5 11. a3 Bb7 12. Ng3 g6 13. h4 Rc8 14. f3 Qc7 15.
Kb1 Bc6 16. Be2 Qb7 17. Nf1 a5 18. Ne3 b4 19. axb4 axb4 20. Ncd5 Bxd5 21. Nxd5
Nxd5 22. Qxd5 Qxd5 23. Rxd5 Bxg5 24. hxg5 Ke7 25. Rhd1 Rc6 26. Bb5 Rb6 27. Bxd7
Kxd7 28. Rxe5 Ra8 29. Red5 Rba6 30. Kc1 Ra1+ 31. Kd2 Rxd1+ 32. Kxd1 Ra1+ 33.
Ke2 Ra2 34. Kd3 Rxb2 35. e5 b3 36. Rxd6+ Ke7 37. cxb3 Rxg2 38. f4 Rg3+ 39. Ke4
1/2-1/2

[Event "Xtracon GM"]
[Site "Borup"]
[Date "2009.09.13"]
[Round "9"]
[White "Akdag, Dara Sevkan"]
[Black "Jakobsen, Ole"]
[Result "1/2-1/2"]
[WhiteElo "2188"]
[BlackElo "2344"]
[PlyCount "113"]
[EventDate "2009.09.04"]
[EventType "swiss"]
[EventRounds "9"]
[EventCountry "DEN"]
[Source "ChessBase"]
[SourceDate "2009.11.03"]

1. d4 e6 2. c4 b6 3. a3 f5 4. Nc3 Nf6 5. Nf3 Bb7 6. d5 Bd6 7. g3 c6 8. Bg2 O-O
9. Nd4 Qe7 10. O-O Be5 11. Bf4 Bxf4 12. gxf4 Ne4 13. Qd3 exd5 14. cxd5 cxd5 15.
Ndb5 Na6 16. b4 Nxc3 17. Nxc3 Nc7 18. Nxd5 Bxd5 19. Bxd5+ Nxd5 20. Qxd5+ Kh8
21. e3 Rac8 22. Rfd1 Qh4 23. Qf3 Qf6 24. Ra2 Rc7 25. Rad2 Qe7 26. Rd6 h6 27. h3
Rf6 28. R6d5 Qf7 29. Kh2 Kh7 30. R1d2 Qe6 31. Qd1 Rf7 32. Rd6 Qe7 33. Qh5 Rf6
34. R6d5 Qe6 35. Qd1 Rf7 36. Re5 Qf6 37. Rd6 Qh4 38. Kg2 Rf6 39. Rxf6 Qxf6 40.
Qd3 g6 41. Kg3 d6 42. Re8 Rg7 43. Qd4 Qf7 44. Rd8 g5 45. Rxd6 gxf4+ 46. Kxf4
Qa2 47. e4 Qxa3 48. Qf6 Qc1+ 49. Ke5 Qb2+ 50. Kxf5 Qxf2+ 51. Ke5 Rg5+ 52. Ke6
Qxf6+ 53. Kxf6 Rg6+ 54. Ke7 Rxd6 55. Kxd6 a5 56. bxa5 bxa5 57. e5 1/2-1/2

[Event "Xtracon GM"]
[Site "Borup"]
[Date "2009.09.13"]
[Round "9"]
[White "Andersen, Lars Ren"]
[Black "Jacobsen, Bo"]
[Result "0-1"]
[WhiteElo "2095"]
[BlackElo "2321"]
[PlyCount "70"]
[EventDate "2009.09.04"]
[EventType "swiss"]
[EventRounds "9"]
[EventCountry "DEN"]
[Source "ChessBase"]
[SourceDate "2009.11.03"]

1. e4 e5 2. Nf3 Nc6 3. Bb5 Nf6 4. d3 d6 5. c3 Bd7 6. Nbd2 g6 7. O-O Bg7 8. Re1
O-O 9. Nf1 h6 10. Ng3 Re8 11. h3 a6 12. Ba4 d5 13. a3 b5 14. Bb3 Be6 15. Bc2 a5
16. Bd2 a4 17. Qe2 d4 18. Rad1 Nd7 19. cxd4 exd4 20. Nh2 Na5 21. f4 Nb3 22. f5
gxf5 23. exf5 Bd5 24. Qxe8+ Qxe8 25. Rxe8+ Rxe8 26. Bf4 c5 27. Ng4 h5 28. Nxh5
Re2 29. Bxb3 Rxg2+ 30. Kf1 axb3 31. f6 Bf8 32. Rd2 Rxd2 33. Bxd2 c4 34. Ke2 c3
35. Bc1 Bxa3 0-1

[Event "Xtracon GM"]
[Site "Borup"]
[Date "2009.09.13"]
[Round "9"]
[White "Bejtovic, Jasmin"]
[Black "Rausis, Igors"]
[Result "1/2-1/2"]
[WhiteElo "2332"]
[BlackElo "2525"]
[PlyCount "87"]
[EventDate "2009.09.04"]
[EventType "swiss"]
[EventRounds "9"]
[EventCountry "DEN"]
[Source "ChessBase"]
[SourceDate "2009.11.03"]

1. e4 c6 2. d4 d5 3. Nc3 dxe4 4. Nxe4 Bf5 5. Ng3 Bg6 6. h4 h6 7. Nf3 e6 8. h5
Bh7 9. Bd3 Bb4+ 10. c3 Bxd3 11. Qxd3 Bd6 12. Ne4 Nf6 13. Bd2 Nxe4 14. Qxe4 Qa5
15. Qg4 Nd7 16. Qxg7 Ke7 17. Qg4 Rag8 18. Qh4+ Nf6 19. Ne5 Bxe5 20. dxe5 Qxe5+
21. Be3 Rg4 22. Qh2 Qxh2 23. Rxh2 Re4 24. O-O-O b6 25. Rd4 Rxd4 26. Bxd4 Rg8
27. f3 Nh7 28. Be3 Ng5 29. Rh4 Rd8 30. Rd4 Rxd4 31. Bxd4 f6 32. Kd2 e5 33. Be3
Nf7 34. g4 Ke6 35. a4 f5 36. gxf5+ Kxf5 37. b4 Ng5 38. Ke2 e4 39. fxe4+ Nxe4
40. Kd3 Nf6 41. Bxh6 Nxh5 42. Be3 Nf6 43. b5 cxb5 44. axb5 1/2-1/2

[Event "Xtracon GM"]
[Site "Borup"]
[Date "2009.09.13"]
[Round "9"]
[White "Bonnelykke, Ole"]
[Black "Johannsen, Kaj"]
[Result "1/2-1/2"]
[WhiteElo "2118"]
[BlackElo "1996"]
[PlyCount "93"]
[EventDate "2009.09.04"]
[EventType "swiss"]
[EventRounds "9"]
[EventCountry "DEN"]
[Source "ChessBase"]
[SourceDate "2009.11.03"]

1. e4 c5 2. Nc3 g6 3. g4 Bg7 4. Bg2 d6 5. d3 Nc6 6. h3 Nf6 7. Be3 e5 8. Qd2 h5
9. g5 Ng8 10. Nge2 Nge7 11. f4 Nd4 12. O-O-O Qa5 13. Kb1 Nxe2 14. Nxe2 Qa6 15.
c4 b5 16. f5 f6 17. fxg6 Be6 18. gxf6 Bxf6 19. Bg5 Bxg5 20. Qxg5 bxc4 21. Qf6
Kd7 22. dxc4 Bxc4 23. Nc3 Rhf8 24. Qg5 Rf2 25. h4 Rb8 26. Bh3+ Kc6 27. Rd2 Bd3+
28. Ka1 Rxd2 29. Qxd2 Nxg6 30. Bf5 Nf4 31. Rg1 Bc4 32. Rg7 Rb7 33. Rxb7 Kxb7
34. b3 Bf7 35. Bd7 Qf1+ 36. Kb2 Nd3+ 37. Ka3 a6 38. Ne2 Qf3 39. Nc3 Kc7 40. Ba4
Nb4 41. Qg5 Kc8 42. Qe7 Qxc3 43. Bd7+ Kc7 44. Be8+ Kc8 45. Qd7+ Kb8 46. Qxd6+
Kb7 47. Qd7+ 1/2-1/2

[Event "Xtracon GM"]
[Site "Borup"]
[Date "2009.09.13"]
[Round "9"]
[White "De Verdier, Michael"]
[Black "Madsen, Poul Henrik"]
[Result "1/2-1/2"]
[WhiteElo "2276"]
[BlackElo "2075"]
[PlyCount "132"]
[EventDate "2009.09.04"]
[EventType "swiss"]
[EventRounds "9"]
[EventCountry "DEN"]
[Source "ChessBase"]
[SourceDate "2009.11.03"]

1. d4 b5 2. e4 Bb7 3. Bxb5 Bxe4 4. Nf3 e6 5. O-O Nf6 6. c4 Be7 7. Nc3 O-O 8.
Nxe4 Nxe4 9. Qd3 f5 10. Ba4 c6 11. Bc2 Na6 12. a3 Nc7 13. Qe2 Nf6 14. Bd2 Nce8
15. Bc3 Nd6 16. Nd2 Qe8 17. Rfe1 Qf7 18. Qf1 Qg6 19. Qe2 Nh5 20. Rad1 Qh6 21.
Nf3 Nf7 22. Bd2 Nf4 23. Bxf4 Qxf4 24. d5 e5 25. Nxe5 Bd6 26. Nf3 Ng5 27. Kf1
Nxf3 28. Qxf3 Qxh2 29. g3 c5 30. Qg2 Qh6 31. Rd3 Rae8 32. Rde3 Rxe3 33. Rxe3 f4
34. gxf4 Qxf4 35. Ke1 Qxc4 36. Qe4 Qxe4 37. Rxe4 g6 38. Ba4 Rd8 39. Ke2 Kf7 40.
Bb5 Rb8 41. a4 a6 42. Bxa6 Rxb2+ 43. Kf3 Rb3+ 44. Kg2 Rb4 45. Kf3 Bc7 46. Bb5
Rxe4 47. Kxe4 Ke7 48. f4 Kd6 49. f5 gxf5+ 50. Kxf5 Ba5 51. Kf4 Bd2+ 52. Ke4 h5
53. Bf1 Be1 54. Bh3 Kc7 55. Kd3 d6 56. Kc4 Kb6 57. Bf5 h4 58. Bh3 Ka5 59. Kb3
Bg3 60. Bg4 c4+ 61. Kxc4 Kxa4 62. Kd3 Kb4 63. Ke2 Kc5 64. Be6 Kd4 65. Kf3 Ke5
66. Kg4 Ke4 1/2-1/2

[Event "Xtracon GM"]
[Site "Borup"]
[Date "2009.09.13"]
[Round "9"]
[White "Gajic, Mladen"]
[Black "Ivanov, Mikhail M"]
[Result "0-1"]
[WhiteElo "2263"]
[BlackElo "2459"]
[PlyCount "110"]
[EventDate "2009.09.04"]
[EventType "swiss"]
[EventRounds "9"]
[EventCountry "DEN"]
[Source "ChessBase"]
[SourceDate "2009.11.03"]

1. e4 c6 2. Nf3 d5 3. exd5 cxd5 4. Ne5 Nf6 5. d4 Nc6 6. c3 Bf5 7. g4 Be4 8. f3
Bg6 9. h4 Nd7 10. Nxc6 bxc6 11. h5 Bxb1 12. Rxb1 e5 13. Be3 Bd6 14. Kf2 O-O 15.
h6 g6 16. Bd3 Qf6 17. Kg2 Rae8 18. Qd2 Qe6 19. dxe5 Nxe5 20. Rbd1 f5 21. g5
Nxd3 22. Qxd3 Qe5 23. f4 Qe4+ 24. Qxe4 Rxe4 25. Kf3 a5 26. Bd2 Kf7 27. c4 Rb8
28. b3 a4 29. Rb1 axb3 30. axb3 Rd4 31. Be3 Rd3 32. Ke2 Rdxb3 33. Rxb3 Rxb3 34.
cxd5 cxd5 35. Ra1 Ba3 36. Bd4 Ke6 37. Be5 Kd7 38. Ra2 Rh3 39. Ra1 Kc6 40. Rd1
Bc5 41. Rc1 Re3+ 42. Kd2 Re4 43. Kd3 Kb5 44. Ra1 Re3+ 45. Kd2 d4 46. Kc2 Rc3+
47. Kb2 Rh3 48. Kc2 d3+ 49. Kb3 Bb4 50. Rd1 d2+ 51. Kc2 Kc4 52. Ra1 Re3 53. Ra7
Re1 54. Rc7+ Kb5 55. Rb7+ Ka6 0-1

[Event "Xtracon GM"]
[Site "Borup"]
[Date "2009.09.13"]
[Round "9"]
[White "Hansen, Lars Henrik Bech"]
[Black "Holst, Lasse"]
[Result "0-1"]
[WhiteElo "2096"]
[BlackElo "1881"]
[PlyCount "78"]
[EventDate "2009.09.04"]
[EventType "swiss"]
[EventRounds "9"]
[EventCountry "DEN"]
[Source "ChessBase"]
[SourceDate "2009.11.03"]

1. e4 e6 2. d4 d5 3. Nc3 Nf6 4. Bg5 Be7 5. e5 Nfd7 6. h4 a6 7. Qg4 Kf8 8. O-O-O
c5 9. f4 cxd4 10. Nce2 Nc6 11. Nf3 b5 12. Nexd4 Nxd4 13. Nxd4 Bb7 14. Rh3 h5
15. Qf3 Qb6 16. Qe3 Bc5 17. f5 Bxd4 18. Rxd4 exf5 19. Bd3 Re8 20. Bxf5 Nxe5 21.
Bf4 Nc4 22. Qf2 Qxd4 23. Qxd4 Re1+ 24. Qd1 Rxd1+ 25. Kxd1 Nxb2+ 26. Ke2 Nc4 27.
Rg3 g6 28. Bd3 Ke7 29. Bg5+ Kd6 30. Bf4+ Kd7 31. Rf3 Re8+ 32. Kf2 d4 33. Rg3
Be4 34. Rg5 Kc6 35. a4 Bxd3 36. axb5+ axb5 37. cxd3 Nb2 38. Rg3 b4 39. Bd2 Nd1+
0-1

[Event "Xtracon GM"]
[Site "Borup"]
[Date "2009.09.13"]
[Round "9"]
[White "Jensen, Soren2"]
[Black "Skovle, Lars"]
[Result "1-0"]
[WhiteElo "1883"]
[BlackElo "1661"]
[PlyCount "31"]
[EventDate "2009.09.04"]
[EventType "swiss"]
[EventRounds "9"]
[EventCountry "DEN"]
[Source "ChessBase"]
[SourceDate "2009.11.03"]

1. c4 e6 2. g3 d5 3. Bg2 Nf6 4. cxd5 exd5 5. d4 c6 6. Nf3 Bf5 7. Nh4 Be6 8. O-O
Nbd7 9. Nc3 Bd6 10. Re1 Bg4 11. h3 Bh5 12. Nf5 Bb4 13. Nxg7+ Kf8 14. Bh6 Kg8
15. Nxh5 Nxh5 16. e4 1-0

[Event "Xtracon GM"]
[Site "Borup"]
[Date "2009.09.13"]
[Round "9"]
[White "Knudsen, Jes West"]
[Black "Flindt, Thomas"]
[Result "0-1"]
[WhiteElo "1997"]
[BlackElo "2166"]
[PlyCount "90"]
[EventDate "2009.09.04"]
[EventType "swiss"]
[EventRounds "9"]
[EventCountry "DEN"]
[Source "ChessBase"]
[SourceDate "2009.11.03"]

1. e4 Nc6 2. Nf3 d6 3. d4 e5 4. Bc4 Bg4 5. c3 Qf6 6. d5 Nd8 7. Qa4+ Bd7 8. Qb3
Qg6 9. Nbd2 Nf6 10. Bd3 Be7 11. g3 Nh5 12. Nc4 O-O 13. Ncxe5 dxe5 14. Nxe5 Qd6
15. Nc4 Qf6 16. Qd1 Bc5 17. Qxh5 Qxf2+ 18. Kd1 Bh3 19. Qe2 Bg2 20. Qxf2 Bxf2
21. Ke2 Bxh1 22. Kxf2 f5 23. exf5 Bxd5 24. Bf4 Nf7 25. Ne3 Rad8 26. Bxc7 Rd7
27. Bb5 Bc6 28. Bxc6 bxc6 29. Bf4 Rd2+ 30. Kf3 Rxb2 31. h4 Re8 32. g4 Rb5 33.
c4 Ne5+ 34. Kg3 Ra5 35. a3 Nd3 36. Ra2 Nxf4 37. Kxf4 Rae5 38. Re2 Re4+ 39. Kf3
Rd4 40. g5 Rxh4 41. f6 gxf6 42. gxf6 Kf7 43. Kg3 Rxc4 44. Nxc4 Rxe2 45. Kf3 Rc2
0-1

[Event "Xtracon GM"]
[Site "Borup"]
[Date "2009.09.13"]
[Round "9"]
[White "Kulaots, Kaido"]
[Black "Bromann, Thorbjorn"]
[Result "1-0"]
[WhiteElo "2575"]
[BlackElo "2432"]
[PlyCount "113"]
[EventDate "2009.09.04"]
[EventType "swiss"]
[EventRounds "9"]
[EventCountry "DEN"]
[Source "ChessBase"]
[SourceDate "2009.11.03"]

1. e4 e6 2. d4 d5 3. Nd2 c5 4. Ngf3 cxd4 5. exd5 Qxd5 6. Bc4 Qd6 7. O-O Nf6 8.
Nb3 Nc6 9. Nbxd4 Nxd4 10. Nxd4 a6 11. Re1 Qc7 12. Qe2 Bd6 13. Bg5 O-O 14. Bd3
Nd5 15. Qh5 g6 16. Qh4 Bf4 17. Be4 Bxg5 18. Qxg5 Qf4 19. h4 Qxg5 20. hxg5 Nb6
21. b3 h6 22. f4 Kg7 23. gxh6+ Kxh6 24. c4 Nd7 25. Rad1 Nf6 26. Bf3 g5 27. g3
Kg6 28. Re5 gxf4 29. gxf4 Nd7 30. Ree1 Rb8 31. Kf2 Kf6 32. b4 Rh8 33. c5 Nf8
34. a3 Ng6 35. Ne2 Ke7 36. Rd6 Ra8 37. Rb6 Ra7 38. Rd1 Rd8 39. Rxd8 Kxd8 40.
Ke3 e5 41. Rd6+ Kc7 42. Rf6 exf4+ 43. Nxf4 Ne5 44. Nd5+ Kd8 45. Rd6+ Ke8 46.
Rh6 Ng6 47. Kd4 Bd7 48. Nf6+ Ke7 49. Nxd7 Kxd7 50. Rh7 Ne7 51. Rxf7 Ke6 52. Rh7
b5 53. Rh6+ Kd7 54. c6+ Kc7 55. Kc5 Nc8 56. Bg4 Kb8 57. Rh8 1-0

[Event "Xtracon GM"]
[Site "Borup"]
[Date "2009.09.13"]
[Round "9"]
[White "Meyer, Lars August"]
[Black "Eriksson, Christian Altenburg"]
[Result "1/2-1/2"]
[WhiteElo "2268"]
[BlackElo "2159"]
[PlyCount "76"]
[EventDate "2009.09.04"]
[EventType "swiss"]
[EventRounds "9"]
[EventCountry "DEN"]
[Source "ChessBase"]
[SourceDate "2009.11.03"]

1. d4 d5 2. c4 c6 3. Nf3 Nf6 4. Nc3 e6 5. Bg5 h6 6. Bxf6 Qxf6 7. e3 Nd7 8. a3
g6 9. e4 dxe4 10. Nxe4 Qd8 11. Bd3 Nf6 12. O-O Bg7 13. Qe2 O-O 14. Rad1 Nxe4
15. Bxe4 Qc7 16. Rfe1 Re8 17. Bb1 Bd7 18. Ne5 Rad8 19. Rd3 Bc8 20. b4 b6 21.
Rf3 Rf8 22. Qe4 c5 23. Rd3 Rxd4 24. Rxd4 cxd4 25. f4 Bxe5 26. fxe5 Qxc4 27. Rd1
Qb3 28. Qxd4 Qxa3 29. Rf1 Ba6 30. Re1 Rc8 31. Qh4 Rc1 32. Qd8+ Kh7 33. Bxg6+
fxg6 34. Qe7+ Kh8 35. Qf6+ Kh7 36. Qf7+ Kh8 37. Qf6+ Kh7 38. Qf7+ Kh8 1/2-1/2

[Event "Xtracon GM"]
[Site "Borup"]
[Date "2009.09.13"]
[Round "9"]
[White "Miezis, Normunds"]
[Black "Battaglini, Gabriel"]
[Result "1-0"]
[WhiteElo "2558"]
[BlackElo "2360"]
[PlyCount "55"]
[EventDate "2009.09.04"]
[EventType "swiss"]
[EventRounds "9"]
[EventCountry "DEN"]
[Source "ChessBase"]
[SourceDate "2009.11.03"]

1. c4 e6 2. e4 d5 3. exd5 exd5 4. d4 Nf6 5. Nc3 Be7 6. Nf3 O-O 7. Be2 dxc4 8.
Bxc4 Nbd7 9. O-O Nb6 10. Bb3 Bg4 11. h3 Bh5 12. Re1 c6 13. Bg5 Re8 14. Re5 Nbd7
15. Bxf6 Bxf3 16. Bxe7 Bxd1 17. Bxd8 Nxe5 18. Rxd1 Raxd8 19. dxe5 Rxd1+ 20.
Bxd1 Rxe5 21. f4 Rf5 22. g3 g5 23. fxg5 b5 24. Ne4 c5 25. Bc2 Kg7 26. g4 Rf4
27. Kg2 c4 28. Ng3 1-0

[Event "Xtracon GM"]
[Site "Borup"]
[Date "2009.09.13"]
[Round "9"]
[White "Petersen, Nils"]
[Black "Pedersen, Hans Dahl"]
[Result "1/2-1/2"]
[WhiteElo "2034"]
[BlackElo "2210"]
[PlyCount "53"]
[EventDate "2009.09.04"]
[EventType "swiss"]
[EventRounds "9"]
[EventCountry "DEN"]
[Source "ChessBase"]
[SourceDate "2009.11.03"]

1. c4 Nf6 2. Nc3 d5 3. cxd5 Nxd5 4. g3 g6 5. Bg2 c6 6. Nf3 Bg7 7. d4 O-O 8. O-O
Nd7 9. e4 N5f6 10. e5 Nd5 11. Nxd5 cxd5 12. Ne1 e6 13. b3 Qa5 14. Qd2 Qa6 15.
Nd3 b6 16. a4 Nb8 17. Ba3 Re8 18. Rfc1 Qb7 19. Qc3 a5 20. Qc7 Na6 21. Qxb7 Bxb7
22. Rc2 Bf8 23. Bxf8 Kxf8 24. f4 Rac8 25. Rac1 Rxc2 26. Rxc2 Rc8 27. Rxc8+
1/2-1/2

[Event "Xtracon GM"]
[Site "Borup"]
[Date "2009.09.13"]
[Round "9"]
[White "Preuss, Flemming"]
[Black "Andersen, Rune Egede"]
[Result "0-1"]
[WhiteElo "2063"]
[BlackElo "2026"]
[PlyCount "80"]
[EventDate "2009.09.04"]
[EventType "swiss"]
[EventRounds "9"]
[EventCountry "DEN"]
[Source "ChessBase"]
[SourceDate "2009.11.03"]

1. e4 e6 2. d4 d5 3. e5 c5 4. c3 Qb6 5. Nf3 Nc6 6. Bd3 cxd4 7. cxd4 Bd7 8. O-O
Nxd4 9. Nbd2 Ne7 10. Nxd4 Qxd4 11. Nf3 Qa4 12. b3 Qa5 13. Qe2 Ng6 14. a3 a6 15.
Bd2 Qb6 16. b4 Be7 17. Be3 Qd8 18. g3 O-O 19. h4 f6 20. exf6 Bxf6 21. Ng5 Bxg5
22. Bxg5 Qe8 23. h5 Ne7 24. h6 Nf5 25. hxg7 Rf7 26. Bf4 Bb5 27. Rae1 Bxd3 28.
Qxd3 Rxg7 29. Re5 Qf7 30. Rfe1 Rg6 31. Kf1 Qd7 32. Kg2 Rf8 33. Kh2 Qf7 34. Qe2
Nd4 35. Qh5 Nf5 36. Qh3 Nd4 37. Qg2 Qg7 38. Rxe6 Nxe6 39. Qxd5 Rxf4 40. Rxe6
Rxf2+ 0-1